Patagonia : La tierra desconocida.

Guardado en:
Formato: Deslizar
Series:Paraíso Viviente
Materias:
Etiquetas: Agregar Etiqueta
Sin Etiquetas, Sea el primero en etiquetar este registro!
LEADER 01095ngm a22003015g 4500
001 CEM.cems021485
008 130507b1992##################0###0#####d
005 20240826172931.0
245 0 0 |a Patagonia :  |b La tierra desconocida. 
300 |a 55 
490 0 |a Paraíso Viviente 
500 |a En soporte VHS, consultar en ventanilla. 
505 0 |a Ciclo migratorio de los pingüinos. Geomorfología de la Patagonia. Ballenas, lobos marinos, pingüinos: formas de apareo, crías. Las masas continentales: cambios de la plataforma. Las costas. Restos biológicos prehistóricos 
538 |a Soporte: VHS - Norma: Pal N - Color - Grabación Drd 1992 - Hitachi=2596 
082 9 1 |/ DES 
653 |a ECOLOGIA 
653 |a ARGENTINA-GEOGRAFIA 
653 |a GEOGRAFIA 
653 |a ZOOLOGIA 
653 |a PINGUINOS 
653 |a PATAGONIA 
653 |a ARGENTINA-ZOOLOGIA 
653 |a GEOMORFOLOGIA 
653 |a PLATAFORMA CONTINENTAL 
653 |a COSTAS 
653 |a NIVEL PRIMARIO 
653 |a NIVEL SECUNDARIO 
859 |a CEMS  |b BIB. CEMS - Depto. Recursos Didacticos  |h 918  |i DES  |k DRD  |p 128.12  |t Ej.1